Sudden Death - Nachbarländer Turkmenistans - Statistiken

Allgemein
  • Dieses Quiz wurde 15 mal gespielt
  • Das Durchschnittsergebnis liegt bei 3 aus 6
Answers on the Grid
Answers color-coded by a green-red scale on the quiz's grid according to % correct below.
Turkmenistan🇹🇲
Turkmenistan🇹🇲
Usbekistan🇺🇿
Iran🇮🇷
Afghanistan🇦🇫
Kasachstan🇰🇿
Kirgisistan🇰🇬
Tadschikistan🇹🇯
Aserbaidschan🇦🇿
Armenien🇦🇲
Georgien🇬🇪
Pakistan🇵🇰
China🇨🇳
Russland🇷🇺
Mongolei🇲🇳
Irak🇮🇶
Türkei🇹🇷
Bulgarien🇧🇬
Syrien🇸🇾
Kuwait🇰🇼
 
Antwortstatistiken
Antwort % Korrekt
Turkmenistan🇹🇲
80%
Usbekistan🇺🇿
80%
Turkmenistan🇹🇲
60%
Iran🇮🇷
50%
Afghanistan🇦🇫
40%
Kasachstan🇰🇿
30%
Keine übereinstimmenden Quizze gefunden
Verteilung der Resultate
Anzahl Personen mit jedem Resultat
Perzentil nach korrekt beantworteten Fragen
Ihre Resultats-Entwicklung
Sie haben dieses Quiz noch nicht gespielt